Sobre los tres modos de pensar la ciencia jurídica.

Αποθηκεύτηκε σε:
Λεπτομέρειες βιβλιογραφικής εγγραφής
Κύριος συγγραφέας: Schmitt, Carl, 1888-1985 (autor)
Άλλοι συγγραφείς: Herrero López, Montserrat (estudio preliminar, traducción, notas)
Μορφή: Βιβλίο
Γλώσσα:Ισπανικά
Έκδοση: Madrid, España: Tecnos, 1996.
Σειρά:Colección Clásicos del Pensamiento, 118.
Θέματα:
Ετικέτες: Προσθήκη ετικέτας
Δεν υπάρχουν, Καταχωρήστε ετικέτα πρώτοι!

MARC

LEADER 00000nam a2200000 a 4500
001 UCO0085
003 CL-VaPUC
005 20250327113712.0
008 000407e19960000SP |||||||||||||||||spa|d
999 |c 286803  |d 286801 
020 |a 84-309-2932-0 
040 |c Pontificia Universidad Católica de Valparaíso 
082 0 4 |a 340.1 SCH 1996  |2 21 
100 |a Schmitt, Carl,  |d 1888-1985  |e autor  |9 258380 
245 1 0 |a Sobre los tres modos de pensar la ciencia jurídica.  
260 |a Madrid, España:   |b Tecnos,   |c 1996. 
300 |a 77 páginas.  
490 0 |a Colección Clásicos del Pensamiento, 118. 
500 |a c.2 Donación Familia Prof. Alejandro Guzmán Brito. 
583 |a last modification  |c 20000407 00:00:00  |k Rodrigo Vera 
650 0 |a Dogmática jurídica  |9 337910 
700 |a Herrero López, Montserrat  |9 541997  |e estudio preliminar  |e traducción   |e notas  
942 |c BK  |2 ddc  |n 0 
945 |d 20000407 00:00:00  |a vberengu 
952 |0 0  |1 0  |4 0  |6 340_100000000000000_SCH_1996  |7 0  |8 DER_TF  |9 332967  |a BIBDER  |b BIBDER  |d 2019-11-20  |i 359002K  |l 6  |o 340.1 SCH 1996  |p 359002K  |r 2023-01-25  |s 2022-12-15  |w 2019-11-20  |x Ubicación 4to Piso  |y BK  |z Estos recursos deben solicitarse con anticipación  |k DER